000 00699nam a2200229 a 4500
001 BRCA_7971
005 20190320210057.0
008 110314s1960----cn-a###f##---#001-0#eng-#
041 _aeng
044 _acn
050 4 _aHG5151
_b.S87
_c1960
245 1 0 _aSurvey of industrials 1960
_b34th annual
_cThe Financial Post.
260 _aToronto
_bThe Financial Post
_c1960
300 _a416 p.
_bil. (algunas a color)
_c30 cm.
500 _aX1
500 _aCompliments of McLeod, Young, Weir & Co.
650 1 4 _aIndustrias
_vDirectorios
_zCanadá
_919761
650 1 4 _aIndustrias
_vEncuestas y estadísticas
_zCanadá
_919762
710 2 _aThe Financial Post
_919763
902 _aGFM
942 _2lcc
_cB
999 _c7640
_d7640